|
|
|
|
| LEADER |
03140nam a2200733 4500 |
| 001 |
ocn796088211 |
| 003 |
OCoLC |
| 005 |
20170124071920.1 |
| 006 |
m o d |
| 007 |
cr cnu---unuuu |
| 008 |
120622s2012 enka obq 001 0 eng d |
| 040 |
|
|
|a CUS
|b eng
|e pn
|c CUS
|d DG1
|d OHI
|d N$T
|d E7B
|d CCO
|d DKDLA
|d IDEBK
|d IUL
|d COO
|d OCLCQ
|d OCLCF
|d YDXCP
|d CDX
|d OCLCQ
|d EBLCP
|d OCLCQ
|d AZK
|d DG1
|d GrThAP
|
| 019 |
|
|
|a 819339481
|a 828617818
|a 961516694
|a 962633939
|
| 020 |
|
|
|a 9781444361391
|q (electronic bk.)
|
| 020 |
|
|
|a 1444361392
|q (electronic bk.)
|
| 020 |
|
|
|a 9781118274491
|q (electronic bk.)
|
| 020 |
|
|
|a 1118274490
|q (electronic bk.)
|
| 020 |
|
|
|a 9781444361421
|q (electronic bk.)
|
| 020 |
|
|
|a 1444361422
|q (electronic bk.)
|
| 020 |
|
|
|a 9781299157477
|q (MyiLibrary)
|
| 020 |
|
|
|a 1299157475
|q (MyiLibrary)
|
| 020 |
|
|
|z 9781405194402
|q (hbk.)
|
| 020 |
|
|
|z 1405194405
|q (hbk.)
|
| 029 |
1 |
|
|a AU@
|b 000049595605
|
| 029 |
1 |
|
|a DEBBG
|b BV041875477
|
| 029 |
1 |
|
|a DKDLA
|b 820120-katalog:000600969
|
| 029 |
1 |
|
|a NLGGC
|b 382377451
|
| 029 |
1 |
|
|a NZ1
|b 14976883
|
| 035 |
|
|
|a (OCoLC)796088211
|z (OCoLC)819339481
|z (OCoLC)828617818
|z (OCoLC)961516694
|z (OCoLC)962633939
|
| 037 |
|
|
|a 446997
|b MIL
|
| 043 |
|
|
|a e-gx---
|
| 050 |
|
4 |
|a PN1998.3.H477
|b P734 2012eb
|
| 072 |
|
7 |
|a PER
|x 004010
|2 bisacsh
|
| 072 |
|
7 |
|a PER
|2 eflch
|
| 082 |
0 |
4 |
|a 791.430233092
|2 23
|
| 049 |
|
|
|a MAIN
|
| 245 |
0 |
2 |
|a A companion to Werner Herzog /
|c edited by Brad Prager.
|
| 264 |
|
1 |
|a Oxford :
|b WileyBlackwell,
|c 2012.
|
| 300 |
|
|
|a 1 online resource (629 pages).
|
| 336 |
|
|
|a text
|b txt
|2 rdacontent
|
| 337 |
|
|
|a computer
|b c
|2 rdamedia
|
| 338 |
|
|
|a online resource
|b cr
|2 rdacarrier
|
| 347 |
|
|
|a data file
|2 rda
|
| 380 |
|
|
|a Bibliography
|
| 380 |
|
|
|a Filmography
|
| 490 |
1 |
|
|a WileyBlackwell companions to film directors
|
| 504 |
|
|
|a Includes bibliographical references and index.
|
| 504 |
|
|
|a Includes filmography (pages 587-610).
|
| 588 |
0 |
|
|a Print version record.
|
| 505 |
0 |
|
|a I. Critical approaches and contexts -- II. Herzog and inter-arts -- III. Herzog's German encounters -- IV. Herzog's far-flung cinema Africa, Australia, the Americas, and beyond -- V. Toward the limits of experience philosophical approaches.
|
| 600 |
1 |
0 |
|a Herzog, Werner,
|d 1942-
|x Criticism and interpretation.
|
| 600 |
1 |
4 |
|a Herzog, Werner,
|d 1942-
|x Criticism and interpretation.
|
| 600 |
1 |
7 |
|a Herzog, Werner,
|d 1942-
|2 fast
|0 (OCoLC)fst00050027
|
| 650 |
|
0 |
|a Motion picture producers and directors
|z Germany.
|
| 650 |
|
7 |
|a PERFORMING ARTS
|x Film & Video
|x Direction & Production.
|2 bisacsh
|
| 650 |
|
7 |
|a Motion picture producers and directors.
|2 fast
|0 (OCoLC)fst01027225
|
| 651 |
|
7 |
|a Germany.
|2 fast
|0 (OCoLC)fst01210272
|
| 655 |
|
4 |
|a Electronic books.
|
| 655 |
|
7 |
|a Criticism, interpretation, etc.
|2 fast
|0 (OCoLC)fst01411635
|
| 700 |
1 |
|
|a Prager, Brad,
|d 1971-
|
| 776 |
0 |
8 |
|i Print version:
|t Companion to Werner Herzog.
|d Oxford : Wiley-Blackwell, 2012
|z 9781405194402
|w (DLC) 2012450256
|w (OCoLC)773429908
|
| 830 |
|
0 |
|a Wiley-Blackwell companions to film directors.
|
| 856 |
4 |
0 |
|u https://doi.org/10.1002/9781118274491
|z Full Text via HEAL-Link
|
| 994 |
|
|
|a 92
|b DG1
|